[Event "Preferente Grupo II"]
[Site ""]
[Date "2011.02.05"]
[Round "1.68"]
[White "Labrador Postigo Francisco"]
[Black "Palomar Ramon Santiago"]
[Result "1/2-1/2"]
[WhiteElo "1905"]
[BlackElo "2041"]

1.d4 d5 2.c4 e6 3.Nc3 Nf6 4.Bg5 Be7 5.Nf3 O-O 6.e3 dxc4 7.Bxc4 a6 8.Qc2 b5 9.
Bd3 Nbd7 10.O-O Bb7 11.Rfd1 h6 12.Bh4 Rc8 13.a4 b4 14.Ne4 c5 15.Nxf6+ Bxf6 16.
Bxf6 Qxf6 17.Qe2 Bxf3 18.Qxf3 cxd4 19.Bxa6 Qxf3 20.gxf3 Rc2 21.Rxd4 Nc5 22.Bc4
Rxb2 23.a5 Ra8 24.a6 b3 25.a7 Ra2 26.Rxa2 bxa2 27.Bxa2 1/2-1/2

[Event "Preferente Grupo II"]
[Site ""]
[Date "2011.02.05"]
[Round "1.69"]
[White "Luis Vitalla Fernando"]
[Black "Munoz Suarez Luis Alberto"]
[Result "1/2-1/2"]
[WhiteElo "2153"]
[BlackElo "1967"]

1.g3 g6 2.Bg2 Bg7 3.e4 d6 4.d4 Nf6 5.Nc3 O-O 6.Nge2 Nbd7 7.O-O c6 8.a4 e5 9.a5
Re8 10.Re1 Qe7 11.b3 Ng4 12.h3 exd4 13.hxg4 dxc3 14.Ba3 Qg5 15.f4 Qxg4 16.Bxd6
Nf6 17.Qd3 Be6 18.Bf3 Qh3 19.Bg2 Qg4 20.Bf3 Qh3 21.Bg2 1/2-1/2

[Event "Preferente Grupo II"]
[Site ""]
[Date "2011.02.05"]
[Round "1.70"]
[White "Martin Diaz Eduardo"]
[Black "Salamero Pelay Fernando"]
[Result "0-1"]
[WhiteElo "1936"]
[BlackElo "2130"]

1.e4 e6 2.d4 d5 3.e5 c5 4.c3 Nc6 5.Nf3 Qb6 6.a3 Nh6 7.b4 cxd4 8.cxd4 Nf5 9.Bb2
Bd7 10.g4 Nh6 11.h3 f6 12.exf6 gxf6 13.g5 fxg5 14.Nxg5 O-O-O 15.b5 Na5 16.Nc3
Nc4 17.Bxc4 dxc4 18.a4 Bb4 19.Kf1 Rhg8 20.Nf3 Rgf8 21.Qe2 Qc7 22.Ne5 Nf5 23.
Ne4 c3 24.Rc1 Nxd4 25.Qd3 Qxe5 26.Nxc3 Kb8 27.Ne4 Qf4 28.Qxd4 Bxb5+ 0-1

[Event "Preferente Grupo II"]
[Site ""]
[Date "2011.02.05"]
[Round "1.71"]
[White "Bellosta Lopez Pablo"]
[Black "Navarro Castan Jesus"]
[Result "1/2-1/2"]
[WhiteElo "1948"]
[BlackElo "1925"]

1.e4 c5 2.Nf3 e6 3.d3 Nc6 4.g3 d6 5.Bg2 Nf6 6.O-O Be7 7.Nbd2 O-O 8.Re1 e5 9.c3
Rb8 10.Nf1 h6 11.d4 cxd4 12.cxd4 Bg4 13.dxe5 dxe5 14.Ne3 Qxd1 15.Rxd1 Bxf3 16.
Bxf3 Nd4 17.Bg2 Rbc8 18.Bd2 Rfd8 19.h3 b5 20.Ba5 Re8 21.Kf1 Nc6 22.Be1 Bc5 23.
Rac1 Bd4 24.Bc3 b4 25.Bxd4 Nxd4 26.Nd5 Nxd5 27.exd5 Kf8 28.f4 Rxc1 29.Rxc1
exf4 30.gxf4 Nb5 31.Rc5 Rb8 32.Rc4 a5 33.Rc6 a4 34.Rc4 Nd6 35.Rc6 Ke7 36.Ke2
Rc8 37.Kd3 Kd7 38.Rxc8 Kxc8 39.Kd4 a3 40.b3 Nf5+ 41.Kc5 Ne3 42.Be4 f5 43.Bd3
g5 44.fxg5 hxg5 45.Kd6 Kd8 46.Be2 g4 47.hxg4 fxg4 48.Kc5 g3 49.Bf3 g2 50.Bxg2
Nxg2 51.Kxb4 Nf4 52.Kxa3 Nxd5 53.Ka4 Kc7 1/2-1/2

[Event "Division Honor Grupo I"]
[Site ""]
[Date "2011.02.12"]
[Round "2.1"]
[White "Garza Marco Sergio"]
[Black "Gavin Roche Enrique"]
[Result "0-1"]
[WhiteElo "2436"]
[BlackElo "2241"]

1.Nf3 d5 2.c4 e6 3.g3 Nf6 4.Bg2 d4 5.O-O Nc6 6.d3 Bc5 7.Na3 O-O 8.Rb1 e5 9.Bg5
h6 10.Bxf6 Qxf6 11.Nc2 a5 12.Nd2 Bg4 13.a3 a4 14.b4 axb3 15.Rxb3 Ra7 16.Qb1
Qe7 17.Rxb7 Rxb7 18.Qxb7 Nd8 19.Qe4 f5 20.Qd5+ Kh8 21.Nb3 Bxa3 22.e3 Be2 23.
Ra1 c6 24.Qa5 Bb2 25.Ra2 Bc3 26.Qc5 Qf6 27.Bf1 Bxf1 28.Kxf1 f4 29.exf4 exf4
30.Ncxd4 Nb7 31.Qb6 Qg6 32.Nc1 fxg3 33.hxg3 Qxg3 34.Nde2 Qh3+ 35.Kg1 Be5 36.f4
Bxf4 37.Nxf4 Rxf4 38.Rg2 c5 39.Qb2 Qe3+ 40.Kh1 Qe1+ 41.Rg1 Rh4+ {0-1} 0-1

[Event "Division Honor Grupo I"]
[Site ""]
[Date "2011.02.12"]
[Round "2.2"]
[White "Lopez Guaita Fernando"]
[Black "Antoli Royo Joaquin Miguel"]
[Result "0-1"]
[WhiteElo "2032"]
[BlackElo "2430"]

1.e4 c5 2.Nf3 Nc6 3.d3 g6 4.g3 Bg7 5.Bg2 e5 6.Nc3 Nge7 7.Nd5 Nxd5 8.exd5 Ne7
9.O-O d6 10.Nd2 O-O 11.f4 exf4 12.Rxf4 Nf5 13.Ne4 Bd4+ 14.Kh1 Ne3 15.Bxe3 Bxe3
16.Rf6 Bd4 17.Rxd6 Qe7 18.Qd2 f5 19.Qg5 Qc7 20.Rf6 fxe4 21.Rxf8+ Kxf8 22.Rf1+
Kg7 23.c3 Be5 24.Bxe4 Bh3 25.Rf3 Qd6 26.g4 Bf6 0-1

[Event "Division Honor Grupo I"]
[Site ""]
[Date "2011.02.12"]
[Round "2.3"]
[White "Ramiro Ovejero Juan Luis"]
[Black "Velamazan Gomez Angel"]
[Result "1-0"]
[WhiteElo "2365"]
[BlackElo "1966"]

1.e4 d6 2.d4 Nf6 3.Nc3 c6 4.f4 g6 5.Nf3 Bg7 6.Bd3 b5 7.e5 dxe5 8.fxe5 Nd5 9.
Ne4 a6 10.O-O O-O 11.c3 Bf5 12.a4 Nd7 13.Bg5 Qb6 14.Kh1 h6 15.Bd2 Rac8 16.Qe1
Bxe4 17.Qxe4 e6 18.Qh4 Qd8 19.Qh3 Ne7 20.Bxh6 Bxh6 21.Qxh6 1-0

[Event "Division Honor Grupo I"]
[Site ""]
[Date "2011.02.12"]
[Round "2.4"]
[White "Nasarre Abizanda Tomas"]
[Black "Maza Broto Pablo"]
[Result "0-1"]
[WhiteElo "1756"]
[BlackElo "2075"]

1.d4 Nf6 2.c4 e6 3.Nc3 Bb4 4.e3 O-O 5.Bd3 b6 6.Nf3 Bb7 7.O-O Bxc3 8.bxc3 Ne4
9.Qc2 f5 10.Ba3 d6 11.Ne1 Nd7 12.f3 Ng5 13.Qf2 e5 14.h4 Ne6 15.g3 e4 16.Be2
Nf6 17.d5 Nc5 18.Bxc5 dxc5 19.Ng2 Qe7 20.Nf4 Rfe8 21.Rfe1 Ba6 22.g4 exf3 23.
Bxf3 Ne4 24.Qg2 fxg4 25.Qxg4 Bc8 26.Qg2 Bf5 27.Qf2 {0-1} 0-1

[Event "Division Honor Grupo I"]
[Site ""]
[Date "2011.02.12"]
[Round "2.5"]
[White "Fernandez Rubio Rafael"]
[Black "Del Rey Diego"]
[Result "0-1"]
[WhiteElo "2054"]
[BlackElo "2374"]

1.f4 e5 2.e4 d5 3.exd5 exf4 4.Nf3 Nf6 5.Bb5+ c6 6.dxc6 Nxc6 7.d4 Bd6 8.O-O O-O
9.c3 Bg4 10.Nbd2 Bc7 11.Bxc6 bxc6 12.Qa4 Qd5 13.b3 Rfe8 14.Ba3 Bd7 15.Qa6 Ng4
16.Qb7 Bb6 17.Nc4 Reb8 18.Nxb6 axb6 19.Qc7 Rc8 20.Qd6 f6 21.c4 Qxd6 22.Bxd6 g5
23.Bb4 Ne3 24.Rf2 Bf5 25.Ne1 Be4 26.Re2 Re8 27.h3 Rad8 28.Bc3 Kf7 29.a4 Nf5
30.Rea2 Nxd4 31.Bxd4 Rxd4 32.c5 bxc5 33.a5 Rb4 34.Ra3 Ra8 35.Rc1 Rb5 36.a6 Ra7
37.Kf2 Rb6 38.Rca1 h5 39.Ke2 Bd5 40.Nd3 c4 41.bxc4 Bxc4 42.Kd2 Rbxa6 0-1

[Event "Division Honor Grupo I"]
[Site ""]
[Date "2011.02.12"]
[Round "2.6"]
[White "Chueca Forcen Alberto"]
[Black "Sierra Aguerri Joaquin"]
[Result "1/2-1/2"]
[WhiteElo "2295"]
[BlackElo "2051"]

1.d4 e6 2.c4 Bb4+ 3.Bd2 Qe7 4.e4 Nf6 5.Bd3 O-O 6.Nf3 d5 7.e5 Ne4 8.c5 Nxd2 9.
Nbxd2 b6 10.cxb6 axb6 11.a3 Bxd2+ 12.Qxd2 c5 13.O-O Ba6 14.Rac1 Bxd3 15.Qxd3
c4 16.Qd2 b5 17.Ng5 h6 18.Nh3 b4 19.axb4 Nc6 20.b3 Qxb4 21.Qxb4 Nxb4 22.bxc4
Na2 23.Rc2 Nb4 24.Rc3 Na2 25.Rc2 Nb4 26.Rcc1 Na2 27.Rc2 1/2-1/2

[Event "Division Honor Grupo I"]
[Site ""]
[Date "2011.02.12"]
[Round "2.8"]
[White "Palacios Latasa Elias"]
[Black "Sancho Casale Jesus"]
[Result "1-0"]
[WhiteElo "2198"]
[BlackElo "1932"]

1.e4 e5 2.Nc3 Nf6 3.Bc4 Nxe4 4.Qh5 Nd6 5.Bb3 Be7 6.Nf3 Nc6 7.Nxe5 g6 8.Nxc6
dxc6 9.Qf3 O-O 10.d3 Nf5 11.O-O Nd4 12.Qg3 a5 13.Re1 Bb4 14.Bg5 Nf5 15.Bxd8
Nxg3 16.Be7 Bxe7 17.Rxe7 Nf5 18.Rxc7 Nd4 19.Re1 b5 20.Ree7 Nxb3 21.axb3 b4 22.
Na4 Be6 23.Nc5 Bd5 24.Nd7 a4 25.bxa4 Rxa4 26.h4 Ra2 27.b3 Kg7 28.Nb6 Kf6 29.
Nxd5+ cxd5 30.g4 g5 31.Kh2 h6 32.Re3 gxh4 33.Kh3 Ra1 34.Kxh4 Rh1+ 35.Kg3 h5
36.Rc6+ Kg7 37.Re5 Rg1+ 38.Kh2 Rxg4 39.Rxd5 Rg8 40.Rxh5 f6 41.Rc4 Rg6 42.Rh3
Kf7 43.Rg3 Rh6+ 44.Kg2 Rgh8 45.Rxb4 Rh2+ 46.Kf3 R8h5 47.Ke3 Rf5 48.Rf3 Re5+
49.Re4 Rb5 50.d4 Rh1 51.Kd3 Rc1 52.Kd2 Rb1 53.Rd3 Rd5 54.c4 Ra5 55.d5 Ra2+ 56.
Ke3 Re1+ 57.Kd4 Rxe4+ 58.Kxe4 Rxf2 59.d6 Ke8 60.d7+ Kd8 61.c5 Re2+ 62.Kf3 Rc2
63.b4 Rc4 64.Rd6 Rxb4 65.c6 Rc4 66.Rxf6 Rd4 67.Rf8+ Kc7 68.Rc8+ 1-0

[Event "Division Honor Grupo I"]
[Site ""]
[Date "2011.02.12"]
[Round "2.10"]
[White "Ramon Perez Jose Luis"]
[Black "Gimenez Martinez Alberto"]
[Result "1/2-1/2"]
[WhiteElo "2219"]
[BlackElo "2132"]

1.e4 c5 2.Nc3 d6 3.f4 g6 4.Nf3 Bg7 5.d4 cxd4 6.Nxd4 Nc6 7.Nb3 Nf6 8.Be2 Qb6 9.
Bf3 O-O 10.Qe2 Nd4 11.Nxd4 Qxd4 12.Nb5 Qb4+ 13.c3 Qa5 14.O-O Bg4 15.c4 Bxf3
16.Rxf3 a6 17.Nc3 Rac8 18.Kh1 Qb4 19.b3 Nxe4 20.Nd5 Nc3 21.Nxe7+ Kh8 22.Qd2
Rce8 23.Bb2 Nxa2 24.Bxg7+ Kxg7 25.Qb2+ f6 26.Nd5 Qe1+ 27.Rf1 Re2 28.Rfxe1 Rxb2
29.Kg1 Rf7 30.Re6 Rd7 31.Nxf6 Rf7 32.Nd5 a5 33.g3 Nb4 34.Nxb4 axb4 35.Re3 d5
36.Rd1 dxc4 37.bxc4 Rc2 38.Rd4 Rc7 1/2-1/2

[Event "Division Honor Grupo I"]
[Site ""]
[Date "2011.02.12"]
[Round "2.11"]
[White "Quintin Navarro Alberto"]
[Black "Delgado Salcedo Eduardo"]
[Result "0-1"]
[WhiteElo "2121"]
[BlackElo "2179"]

1.d4 Nf6 2.c4 c5 3.d5 b5 4.cxb5 a6 5.f3 g6 6.e4 d6 7.Na3 Bg7 8.Ne2 O-O 9.Nc3
axb5 10.Bxb5 Rxa3 11.bxa3 Nxe4 12.fxe4 Bxc3+ 13.Bd2 Bd4 14.Rb1 e6 15.Qf3 exd5
16.exd5 Bf5 17.Bd3 Bxd3 18.Qxd3 Qh4+ 19.Kd1 Nd7 20.Re1 Ne5 21.Qh3 Qf2 22.Rc1
Rb8 23.Re2 Qf1+ 24.Re1 Qf2 25.Re2 Qf1+ 26.Re1 Qa6 27.Rc2 Nd3 28.Qf3 Nb2+ 29.
Kc1 Nd3+ 30.Kd1 Rb1+ 31.Rc1 Nf2+ 32.Qxf2 Rxc1+ 33.Bxc1 Bxf2 0-1

[Event "Division Honor Grupo I"]
[Site ""]
[Date "2011.02.12"]
[Round "2.12"]
[White "Barros Gutierrez Angel Luis"]
[Black "Arregui Unotria Carlos"]
[Result "1-0"]
[WhiteElo "2155"]
[BlackElo "2038"]

1.d4 Nf6 2.Bg5 e6 3.e4 c5 4.e5 h6 5.Bc1 Nh7 6.c3 Nc6 7.Nf3 Ng5 8.Be2 b6 9.Nbd2
Bb7 10.O-O cxd4 11.cxd4 d6 12.Nc4 dxe5 13.dxe5 Qxd1 14.Rxd1 Ne4 15.Be3 Be7 16.
Nfd2 Nxd2 17.Rxd2 O-O 18.Rd7 Ba6 19.Rc1 Rfd8 20.Rc7 Bxc4 21.Rxc4 Nxe5 22.Rxe7
Nxc4 23.Bxc4 Rd1+ 24.Bf1 Rb1 25.g3 Rxb2 26.a4 a6 27.Rd7 b5 28.a5 Ra2 29.Bb6 b4
30.Rd1 b3 31.Bc4 Rb2 32.Kg2 Rc8 33.Bxa6 Rc6 34.Bb7 Rc4 35.a6 Ra2 36.Rb1 b2 37.
Be3 Rb4 38.Bd2 Rb3 39.Be3 Ra1 40.a7 Rxb7 41.Bd4 Rbxa7 42.Rxb2 Ra8 43.h4 R1a2
44.Rb7 Rd2 45.Ba7 e5 46.Kf3 f5 47.h5 Rc8 48.Re7 Rd3+ 49.Kg2 e4 50.g4 Rf3 51.
Bd4 Rc2 52.g5 Re2 53.g6 Kf8 54.Re5 Rf4 55.Bc5+ 1-0

[Event "Division Honor Grupo I"]
[Site ""]
[Date "2011.02.12"]
[Round "2.13"]
[White "Baron Rodriguez Jesus"]
[Black "Villuendas Valero Adrian"]
[Result "1-0"]
[WhiteElo "2447"]
[BlackElo "2266"]

1.e4 c5 2.Nf3 e6 3.d4 cxd4 4.Nxd4 Qb6 5.Nb3 Bb4+ 6.N1d2 Nc6 7.Qg4 Bf8 8.Bd3
Qc7 9.O-O Nf6 10.Qe2 Be7 11.f4 e5 12.Nf3 d6 13.Kh1 O-O 14.Bd2 a5 15.a4 Be6 16.
c4 Qb6 17.Ra3 exf4 18.Bxf4 Bg4 19.Be3 Qc7 20.Nbd4 Nxd4 21.Bxd4 Nd7 22.Qf2 Bf6
23.Bxf6 Nxf6 24.Qh4 Bxf3 25.Rxf3 Rfe8 26.Rxf6 gxf6 27.Bf1 Re5 28.Qxf6 Qd8 29.
Rg3+ Kf8 30.Qg7+ Ke7 31.Rf3 Qg8 32.Qf6+ Kd7 33.c5 Qf8 {tiempo.} 1-0

[Event "Division Honor Grupo I"]
[Site ""]
[Date "2011.02.12"]
[Round "2.14"]
[White "Valiente Roy Jose Javier"]
[Black "Forcen Esteban Daniel"]
[Result "1/2-1/2"]
[WhiteElo "2092"]
[BlackElo "2378"]

1.Nf3 c5 2.c4 Nf6 3.g3 Nc6 4.Bg2 d5 5.cxd5 Nxd5 6.O-O e5 7.Nc3 Be6 8.Nxd5 Bxd5
9.Qa4 Bd6 10.d3 O-O 11.Ng5 Bxg2 12.Kxg2 Nd4 13.Qd1 Be7 14.Ne4 Qd5 15.Kg1 Rfd8
16.b3 f5 17.Nc3 Qc6 18.Be3 e4 19.Bxd4 Rxd4 20.Qc2 exd3 21.exd3 Rad8 22.Rad1
Qf3 23.Rfe1 Rxd3 24.Rxd3 Rxd3 25.Rxe7 Rxc3 26.Qb2 h5 27.Rd7 f4 28.Qd2 h4 29.
Qxf4 Qxf4 30.gxf4 h3 31.Kf1 Rc2 32.Rxb7 Rxa2 33.Rc7 Rb2 34.Rxc5 Rxb3 35.Ra5
Rb1+ 36.Ke2 Rh1 37.Kf3 1/2-1/2

[Event "Division Honor Grupo I"]
[Site ""]
[Date "2011.02.12"]
[Round "2.15"]
[White "Baron Rodriguez Jorge"]
[Black "Cantin Zaborras Valentin"]
[Result "1-0"]
[WhiteElo "2272"]
[BlackElo "2085"]

1.d4 d5 2.c4 c6 3.Nf3 Nf6 4.Nc3 dxc4 5.a4 Bf5 6.e3 e6 7.Bxc4 Bb4 8.O-O Nbd7 9.
Qe2 O-O 10.e4 Bg6 11.Bd3 Bh5 12.e5 Nd5 13.Nxd5 cxd5 14.Qe3 Bg6 15.Ng5 Re8 16.
f4 f5 17.g4 fxg4 18.Bxg6 hxg6 19.h3 g3 20.Qxg3 Nf8 21.Be3 Rc8 22.Rf2 Qc7 23.
Rg2 Qc4 24.Kh1 Qd3 25.f5 exf5 26.Qf3 Red8 27.Rd1 Qa6 28.Rdg1 Qxa4 29.Nf7 Rd7
30.Qxf5 Rxf7 31.Qxc8 Qb3 32.Rg3 Qxb2 33.Rxg6 Qe2 34.R6g3 Bd2 35.Qc2 Qxe3 36.
Rxe3 Bxe3 37.Rd1 1-0

[Event "Division Honor Grupo I"]
[Site ""]
[Date "2011.02.12"]
[Round "2.16"]
[White "Martin Barbero Roberto"]
[Black "Castillo Sanjuan Daniel"]
[Result "0-1"]
[WhiteElo "2020"]
[BlackElo "1944"]

1.d4 Nf6 2.Nf3 g6 3.Nbd2 Bg7 4.e4 d6 5.Bd3 O-O 6.O-O c5 7.c3 Nc6 8.h3 a6 9.a4
Rb8 10.Re1 b5 11.axb5 axb5 12.Nf1 Nd7 13.Be3 c4 14.Bc2 Qc7 15.N1h2 b4 16.Ba4
b3 17.Bxc6 Qxc6 18.d5 Qc7 19.Ng4 Nc5 20.Bxc5 Qxc5 21.Ne3 Bd7 22.Qe2 Bb5 23.
Red1 Ra8 24.Qd2 Rfc8 25.Nd4 h5 26.Nxb5 Qxb5 27.g4 hxg4 28.hxg4 Ra2 29.Rf1 Bh6
30.f4 Bxf4 31.Qf2 Bxe3 32.Qxe3 Rxb2 33.Qg5 Qc5+ 34.Kh1 Kg7 35.Rxf7+ Kxf7 36.
Qf4+ Kg7 0-1

[Event "Division Honor Grupo II"]
[Site ""]
[Date "2011.02.12"]
[Round "2.17"]
[White "Lamas Mercadal Manuel"]
[Black "Laliena Solares Luis"]
[Result "1-0"]
[WhiteElo "2187"]
[BlackElo "2208"]

1.e4 e6 2.b3 d5 3.Bb2 dxe4 4.Nc3 Nf6 5.Qe2 Be7 6.Nxe4 Nxe4 7.Qxe4 Bf6 8.d4 Qd5
9.Qe3 c6 10.Nf3 Nd7 11.O-O-O b5 12.Bd3 Bb7 13.Be4 Qd6 14.Ne5 a5 15.f4 a4 16.f5
axb3 17.axb3 O-O 18.Qh3 h6 19.Kb1 Nb6 20.Ng4 exf5 21.Nxh6+ gxh6 22.Qxf5 Rfd8
23.Rhf1 Nd5 24.Bxd5 cxd5 25.Qxf6 Qxf6 26.Rxf6 Ra6 27.Rdf1 Rxf6 28.Rxf6 Re8 29.
Bc1 1-0

[Event "Division Honor Grupo II"]
[Site ""]
[Date "2011.02.12"]
[Round "2.18"]
[White "Latorre Abad Fernando"]
[Black "Roche Simon Miguel Angel"]
[Result "0-1"]
[WhiteElo "2100"]
[BlackElo "2141"]

1.e4 e6 2.d3 c5 3.g3 Nc6 4.Bg2 g6 5.Nf3 Bg7 6.h4 h6 7.O-O Nge7 8.Re1 O-O 9.c3
e5 10.Be3 d6 11.Na3 f5 12.Qd2 Kh7 13.Nh2 Ng8 14.exf5 gxf5 15.f4 Nf6 16.fxe5
Nxe5 17.d4 cxd4 18.cxd4 Ng6 19.Bf2 d5 20.Rac1 Ne4 21.Bxe4 fxe4 22.h5 Ne7 23.
Rc3 Nc6 24.Nc2 Be6 25.g4 Rxf2 26.Qxf2 Qg5 27.Qg3 Rf8 28.Rf1 Nxd4 0-1

[Event "Division Honor Grupo II"]
[Site ""]
[Date "2011.02.12"]
[Round "2.19"]
[White "Naya Sancho Jose Ignacio"]
[Black "Cobo Garrido Diego Israel"]
[Result "1/2-1/2"]
[WhiteElo "2124"]
[BlackElo "2062"]

1.e4 e5 2.Nf3 Nc6 3.Bb5 a6 4.Ba4 Nf6 5.O-O b5 6.Bb3 Bc5 7.c3 d6 8.a4 Bb7 9.d4
Bb6 10.axb5 axb5 11.Rxa8 Qxa8 12.d5 Ne7 13.Qd3 O-O 14.Bg5 Kh8 15.Na3 b4 16.
cxb4 Nfxd5 17.exd5 Nxd5 18.Nc2 e4 19.Qxe4 Ne3 20.Qf4 Nxf1 21.Bf6 gxf6 22.Qxf6+
Kg8 23.Qg5+ Kh8 24.Qf6+ Kg8 25.Ng5 Bd5 26.Qf5 Kg7 27.Bxd5 Qe8 28.Qxh7+ Kf6 29.
Ne4+ Ke5 30.Qh5+ f5 31.Qxe8+ Rxe8 32.Bc6 Rh8 33.Ng5 Kf6 34.Nf3 Nxh2 35.Nxh2
Bxf2+ 36.Kxf2 Rxh2 37.Ne3 Rh8 38.b5 Ke5 39.Kf3 Rh4 40.Nd5 Rh7 41.Ne3 Rh4 42.
Nd5 Rh7 1/2-1/2

[Event "Division Honor Grupo II"]
[Site ""]
[Date "2011.02.12"]
[Round "2.20"]
[White "Gayan Carceller Miguel Angel"]
[Black "Neila Castillo Miguel Angel"]
[Result "0-1"]
[WhiteElo "1883"]
[BlackElo "2082"]

1.d4 Nf6 2.Nf3 g6 3.c4 c5 4.Nc3 Bg7 5.d5 d6 6.Bg5 O-O 7.e3 e6 8.Be2 exd5 9.
cxd5 a6 10.a4 Bg4 11.h3 Bxf3 12.Bxf3 Nbd7 13.O-O Qc7 14.Qc2 Rab8 15.Be2 c4 16.
Rac1 b5 17.axb5 axb5 18.Rfd1 Nc5 19.Rb1 Nfd7 20.Ne4 Rfe8 21.Nxc5 Nxc5 22.b3
Ne4 23.Bf4 Nc3 24.bxc4 Nxb1 25.Rxb1 bxc4 26.Rxb8 Rxb8 27.Qxc4 Rb1+ 28.Kh2 Qxc4
29.Bxc4 Be5 30.Bxe5 dxe5 31.e4 Rb4 32.Bd3 Rd4 33.Bb5 Rxe4 34.d6 Rd4 35.d7 Kf8
36.Kg3 Ke7 37.Kf3 f5 38.Ke3 h5 39.g3 g5 40.f3 Rb4 41.Bc6 Rc4 42.Bb5 Rc2 43.g4
fxg4 44.fxg4 Rc3+ 45.Ke4 Rxh3 46.gxh5 g4 0-1

[Event "Division Honor Grupo II"]
[Site ""]
[Date "2011.02.12"]
[Round "2.21"]
[White "Adla Diego Gustavo"]
[Black "Martinez Catalin Francisco Javier"]
[Result "1/2-1/2"]
[WhiteElo "2512"]
[BlackElo "2206"]

1.d4 d5 2.c4 e6 3.Nc3 Be7 4.Nf3 Nf6 5.e3 O-O 6.b3 c5 7.Bd3 Nc6 8.O-O b6 9.Bb2
Bb7 10.Qe2 cxd4 11.exd4 Nb4 12.Rfd1 1/2-1/2

[Event "Division Honor Grupo II"]
[Site ""]
[Date "2011.02.12"]
[Round "2.22"]
[White "Valles Mata David"]
[Black "Glavina Rossi Pablo"]
[Result "0-1"]
[WhiteElo "2152"]
[BlackElo "2462"]

1.e4 e5 2.Nf3 Nc6 3.Bb5 Bc5 4.O-O Qf6 5.c3 Nge7 6.d4 exd4 7.Bg5 Qg6 8.Bxe7
Nxe7 9.cxd4 Bb6 10.Nc3 O-O 11.Re1 d6 12.Qd3 c6 13.Bc4 Bg4 14.d5 Qf6 15.Re2 Ng6
16.Rd2 Nf4 17.e5 dxe5 18.Qe4 Rae8 19.Ne1 Qg5 20.Qc2 e4 0-1

[Event "Division Honor Grupo II"]
[Site ""]
[Date "2011.02.12"]
[Round "2.23"]
[White "Lopez Gracia Fernando"]
[Black "Solano Lasierra Javier"]
[Result "1/2-1/2"]
[WhiteElo "2319"]
[BlackElo "2156"]

1.c4 Nf6 2.g3 e6 3.Bg2 d5 4.Nf3 Be7 5.O-O O-O 6.d4 Nbd7 7.Qc2 c6 8.Nbd2 b5 9.
c5 Qc7 10.e4 e5 11.exd5 cxd5 12.Nb3 e4 13.Bf4 Qc6 14.Ne5 Nxe5 15.dxe5 Nd7 16.
Rac1 g5 17.Nd4 Qg6 1/2-1/2

[Event "Division Honor Grupo II"]
[Site ""]
[Date "2011.02.12"]
[Round "2.25"]
[White "Gil Capape MA"]
[Black "Navarro Alonso Jorge Luis"]
[Result "0-1"]
[WhiteElo "2061"]
[BlackElo "2157"]

1.e4 c5 2.Nc3 Nc6 3.f4 g6 4.Nf3 Bg7 5.Bb5 Nd4 6.O-O e6 7.d3 Ne7 8.Nxd4 cxd4 9.
Ne2 O-O 10.Ba4 d5 11.e5 Qb6 12.Qe1 f6 13.Ng3 fxe5 14.fxe5 Rxf1+ 15.Kxf1 Nc6
16.Bxc6 bxc6 17.b3 Bd7 18.Bg5 Qc7 19.Bf6 Rf8 20.Qf2 Bxf6 21.exf6 Qe5 22.Re1
Qxf6 23.Qxf6 Rxf6+ 24.Kg1 c5 25.Nf1 Kf8 26.Nd2 Ke7 27.Nf3 Kd6 28.a3 a5 29.h4
a4 30.Ne5 Bb5 31.g4 Rf4 32.Kg2 Rf8 33.Kg3 Ra8 34.Nf7+ Kd7 35.Ng5 axb3 36.cxb3
Rxa3 37.Nxe6 Kd6 38.Nf8 Rxb3 39.Re6+ Kc7 40.Re7+ Kd6 41.Re6+ Kc7 42.Re7+ Kb6
43.Rxh7 c4 44.h5 cxd3 45.hxg6 d2+ 46.Kh4 d1=Q 47.g7 Qe1+ 48.Kg5 Qe7+ 49.Kf4
Qe3+ 50.Kf5 Bd3+ 51.Kf6 Qf4+ 52.Ke7 Bxh7 53.Nxh7 Re3+ 54.Kd8 Qb8+ 55.Kd7 Qc7#
0-1

[Event "Division Honor Grupo II"]
[Site ""]
[Date "2011.02.12"]
[Round "2.26"]
[White "Guzman Moneo Alberto"]
[Black "Alonso Fernandez Revuelta Rodri"]
[Result "1-0"]
[WhiteElo "2170"]
[BlackElo "2037"]

1.c4 c5 2.Nf3 Nf6 3.g3 g6 4.Bg2 Bg7 5.O-O O-O 6.d4 cxd4 7.Nxd4 Nc6 8.Nc3 Qb6
9.Nc2 d6 10.Ne3 Be6 11.Ned5 Bxd5 12.cxd5 Ne5 13.Bh3 Ned7 14.Qa4 Rfd8 15.Rb1
Nc5 16.Qh4 a5 17.a3 Qb3 18.Be3 b5 19.Rfc1 Ncd7 20.Bg5 Rac8 21.Bxd7 Rxd7 22.Ne4
Rc4 23.Bxf6 exf6 24.Nxf6+ Bxf6 25.Qxf6 Rc2 26.e4 Qc4 27.Rxc2 Qxc2 28.Re1 Qd2
29.Re3 b4 30.axb4 axb4 31.Kg2 h5 32.h3 Qd1 33.Rf3 Qd2 34.Rf4 b3 35.g4 h4 36.g5
1-0

[Event "Division Honor Grupo II"]
[Site ""]
[Date "2011.02.12"]
[Round "2.27"]
[White "Galvez Perez Jose Luis"]
[Black "Cerrajeria Ruiz Jesus Maria"]
[Result "0-1"]
[WhiteElo "1972"]
[BlackElo "2149"]

1.e4 d5 2.exd5 Qxd5 3.Nc3 Qd6 4.g3 Nf6 5.Bg2 e5 6.Nge2 Nc6 7.O-O Bf5 8.d3
O-O-O 9.a3 Qd7 10.Re1 Bh3 11.Bh1 Ng4 12.b4 h5 13.Ne4 h4 14.b5 Nd4 15.Nxd4 Qxd4
16.Be3 hxg3 17.Nxg3 Nxe3 18.fxe3 Qg4 19.Qxg4+ Bxg4 20.Ne4 Be7 21.Nc3 Rh6 22.
Bg2 Rdh8 23.Nd5 Bd6 24.e4 Bc5+ 25.Ne3 Rxh2 26.c3 Be6 27.Rad1 Bb3 28.Rd2 R2h6
29.d4 Bf8 30.Rb1 Be6 31.a4 Be7 32.Rf2 Bg5 33.Nf1 Bc4 34.Rb4 Bxf1 35.Kxf1 exd4
36.cxd4 Rf6 37.Rxf6 Bxf6 38.e5 Be7 39.Rc4 Rh4 40.Ke2 b6 41.Kd3 f5 42.Rc6 Rg4
43.Bd5 Rg3+ 44.Kc4 Kd8 45.Bf7 Ra3 46.Rg6 Bf8 47.Kd5 f4 48.Kc6 Rxa4 49.d5 Rc4+
50.Kb7 Rc5 51.Re6 Be7 52.d6 cxd6 53.exd6 Bf6 54.Kxa7 Rxb5 55.Re4 Be5 56.Ka6
Rc5 57.Kxb6 Bxd6 58.Rxf4 0-1

[Event "Division Honor Grupo II"]
[Site ""]
[Date "2011.02.12"]
[Round "2.28"]
[White "Montes Santos Lorenzo"]
[Black "Vasilev Vas"]
[Result "1-0"]
[WhiteElo "2044"]
[BlackElo "1966"]

1.Nf3 h6 2.d4 g5 3.e4 d6 4.Bc4 c6 5.Nc3 Bg7 6.O-O Qc7 7.Be3 e5 8.dxe5 dxe5 9.
Bc5 Bf8 10.Bxf8 Kxf8 11.Qd2 Nf6 12.a4 a5 13.Rad1 Nbd7 14.Qe3 Ng4 15.Qd3 Ngf6
16.Rfe1 Nc5 17.Qd8+ Ne8 18.Qxc7 Nxc7 19.Nxe5 Be6 20.Bxe6 N7xe6 21.Nd7+ Ke7 22.
Nxc5 Nxc5 23.f3 h5 24.Kf2 f6 25.Rd2 Rhc8 26.Red1 Rc7 27.b3 Rb8 28.Ke3 b5 29.
axb5 cxb5 30.Nd5+ 1-0

[Event "Division Honor Grupo II"]
[Site ""]
[Date "2011.02.12"]
[Round "2.29"]
[White "Hefty Hilardo Jorge Walter"]
[Black "Bayod Rubia Angel"]
[Result "1-0"]
[WhiteElo "2314"]
[BlackElo "2053"]

1.d4 Nf6 2.c4 c5 3.d5 g6 4.Nc3 Bg7 5.g3 d6 6.Bg2 O-O 7.Nf3 Nbd7 8.O-O Nb6 9.
Nd2 Bd7 10.h3 Qc7 11.Qc2 Rad8 12.b3 e6 13.Bb2 e5 14.e4 Nh5 15.Qd1 a6 16.Kh2
Bc8 17.Qe2 Bh6 18.Rae1 Qe7 19.Qd1 f6 20.Qe2 Rf7 21.Nd1 Rdf8 22.Ne3 Ng7 23.Qd3
Na8 24.Re2 Nc7 25.f4 exf4 26.gxf4 Nh5 27.Ref2 f5 28.e5 Qh4 29.exd6 Ne8 30.Be5
Nef6 31.Kg1 Ng3 32.b4 b6 33.bxc5 bxc5 34.Nf3 Qh5 35.Rb1 Nge4 36.Rfb2 Ne8 37.
Rb6 g5 38.fxg5 Nxg5 39.Nf1 Nxh3+ 40.Bxh3 Qxh3 41.R1b2 Bg7 42.Rh2 Qg4+ 43.Rg2
Qe4 44.Qxe4 fxe4 45.N3d2 Bh3 46.Rg3 Bxf1 47.d7 Rxd7 48.Nxf1 Rdf7 49.Nd2 e3 50.
Rxe3 Bxe5 51.Rxe5 Rg7+ 52.Kh1 Kh8 53.Rb8 Rfg8 54.Nf3 Nd6 55.Rxg8+ Kxg8 56.Ng5
h6 57.Re6 Rd7 58.Rg6+ Kf8 59.Ne6+ Ke8 60.Rg4 Ke7 61.Nxc5 Rc7 62.Rg7+ Nf7 63.
Ne4 Kf8 64.Rh7 Kg8 65.Nf6+ Kf8 66.c5 Rb7 67.c6 Rb1+ 68.Kg2 Rb2+ 69.Kg3 Rc2 70.
Kf4 Rf2+ 71.Ke3 Rxf6 72.c7 1-0

[Event "Division Honor Grupo II"]
[Site ""]
[Date "2011.02.12"]
[Round "2.30"]
[White "Gracia Campo Carlos Alberto"]
[Black "Martinez Cebolla Alberto"]
[Result "1/2-1/2"]
[WhiteElo "2073"]
[BlackElo "2061"]

1.e4 e5 2.Nf3 Nc6 3.Bc4 Nf6 4.d3 Bc5 5.Bg5 d6 6.O-O h6 7.Bh4 g5 8.Bg3 h5 9.
Nxg5 h4 10.Nxf7 hxg3 11.Nxd8 Bg4 12.Ne6 Bxf2+ 13.Rxf2 gxf2+ 14.Kxf2 Bxd1 15.
Nxc7+ Kd7 16.Nxa8 Rxh2 17.Nc3 Bg4 18.Nd5 Nxd5 19.exd5 Ne7 20.Kg3 Rh8 21.Kxg4
Rxa8 22.Rh1 Rg8+ 23.Kf3 Rf8+ 24.Ke2 Rf7 25.Bb3 Nf5 26.Rh3 Nd4+ 27.Ke3 Rg7 28.
Kf2 Rf7+ 29.Kg1 Kc7 30.Re3 Kb6 31.c3 Nxb3 32.axb3 Kc5 33.g4 Kxd5 34.Kg2 Ke6
35.Rf3 Rg7 36.Kg3 a5 37.c4 b5 38.cxb5 Rb7 39.g5 Rxb5 40.Kg4 Rxb3 41.g6 Rb4+
42.Kg5 Rxb2 43.g7 Rg2+ 44.Kh6 Ke7 45.Kh7 Rh2+ 46.Kg8 a4 47.Rf7+ Ke8 48.Rf8+
Ke7 49.Rf7+ Ke8 50.Ra7 Rh4 51.Ra6 Ke7 52.Ra8 d5 53.Ra5 Rd4 54.Kh7 Rh4+ 55.Kg6
Rg4+ 56.Kh6 Kf7 57.Ra7+ Kg8 58.Ra8+ Kf7 59.Rf8+ Ke6 60.g8=Q+ Rxg8 61.Rxg8 Kf5
62.Rf8+ Kg4 63.Rd8 d4 64.Rd5 Kf4 65.Kg6 Ke3 66.Kf5 Kxd3 67.Kxe5 Kc3 68.Rxd4 a3
69.Ra4 Kb3 70.Ra8 a2 71.Kd4 Kb2 72.Rb8+ Kc2 73.Ra8 Kb2 74.Kc4 a1=Q 75.Rxa1
Kxa1 1/2-1/2